01338cam a2200313 a 45000010005000000030006000050050017000110080041000280100017000690200050000860200018001360400032001540500015001860820008002011000027002092450086002362600037003223000048003593360026004073370028004333380027004614400033004885000051005215000020005725200351005926500034009436500013009777000034009908350FISKH20250910084109.0980121s1998 nyua j 001 0 eng d a 98084147  a0307201627 (pbk.) :c$5.99 (US) ; $8.99 (CAN) a9780307201621 aMdBCPcMdBCPdCoDdDLCbeng aGN293 .H87 a3931 aHussain, Iqbal,d1971-10aTotally amazing mummies /c[author, Iqbal Hussain ; illustations, Andrew Peters]. aNew York :bGolden Books,c1998. a32 pages : bcolor illustrations ; c28 cm  atextbtxt2rdacontent aunmediatedbn2rdamedia avolumebnc2rdacarrier 0aTotally amazing golden books a"Created by Two-Can For Golden Books Pub. Co." aIncludes index. aEye-catching design and a wealth of facts come together in this series devoted to the most extraordinary and bizarre aspects of science -- the subjects that kids love and can't get enough of.To make learning even more fun, each book includes jokes, quizzes, and a list of record-breaking facts. Each book is also furnished with an in-depth index. 0aMummiesxJuvenile literature. 1aMummies.1 aPeters, Andrew,eillustrator